Statistics for European Geography by Letter - Q, Y and Z

Click here to take the quiz!

General Stats

  • This quiz has been taken 188 times
  • The average score is 10 of 20

Answer Stats

HintAnswer% Correct
ZMost populous city in SwitzerlandZurich
95%
ZCapital of CroatiaZagreb
95%
YCountry that split up into several countries in 1992Yugoslavia
94%
YEnglish city famous for its city wallsYork
80%
YMulti-pitched singing form common in the AlpsYodel
76%
YLanguage that was once common among European JewsYiddish
76%
ZCapital of Aragon, SpainZaragoza
74%
ZCurrency used in PolandZłoty
70%
YCrimean city that was site of a WWII conferenceYalta
64%
ZMost populous island of DenmarkZealand
50%
ZDutch provinceZeeland
47%
YFive WWI battles were fought near this Belgian cityYpres
46%
YMajor Russian city located in the middle of the Eurasian continentYekaterinburg
46%
ZSki resort with a view of the MatterhornZermatt
28%
ZFifth biggest and the oldest continuously-inhabited Croatian cityZadar
26%
QBreton city that serves as the capital of the Finistère departmentQuimper
23%
ZTallest mountain in GermanyZugspitze
22%
QAntarctic area claimed by Norway{Queen} {Maud} Land
19%
QMajor city near the Portuguese capitalQueluz
6%
QHome of Black Dyke MillsQueensbury
6%

Score Distribution

Percentile by Number Answered

Percent of People with Each Score

Your Score History

You have not taken this quiz